Cryptography and network security : (Record no. 17989)

MARC details
000 -LEADER
fixed length control field 00956pam a2200289 a 4500
001 - CONTROL NUMBER
control field 015516714
003 - CONTROL NUMBER IDENTIFIER
control field OSt
005 - DATE AND TIME OF LATEST TRANSACTION
control field 20201128021027.0
008 - FIXED-LENGTH DATA ELEMENTS--GENERAL INFORMATION
fixed length control field 100319t2011 xxuadk frb 001 0 eng d
020 ## - INTERNATIONAL STANDARD BOOK NUMBER
International Standard Book Number 9780137056323 (pbk.)
020 ## - INTERNATIONAL STANDARD BOOK NUMBER
International Standard Book Number 013705632X (pbk.)
040 ## - CATALOGING SOURCE
Original cataloging agency StDuBDS
Language of cataloging eng
Transcribing agency StDuBDS
Modifying agency Uk
082 04 - DEWEY DECIMAL CLASSIFICATION NUMBER
Classification number 005.82
Edition number 22
Item number STA
100 1# - MAIN ENTRY--PERSONAL NAME
Personal name Stallings, William
9 (RLIN) 2633
245 10 - TITLE STATEMENT
Title Cryptography and network security :
Remainder of title principles and practice /
Statement of responsibility, etc William Stallings.
250 ## - EDITION STATEMENT
Edition statement 5th ed.,
Remainder of edition statement international ed.
260 ## - PUBLICATION, DISTRIBUTION, ETC. (IMPRINT)
Place of publication, distribution, etc Boston, United States :
Name of publisher, distributor, etc Prentice Hall,
Date of publication, distribution, etc c.2011.
300 ## - PHYSICAL DESCRIPTION
Extent 743 p. :
Other physical details chart, forms, tables ;
Dimensions 24 cm.
500 ## - GENERAL NOTE
General note Index : p. 735-743.
500 ## - GENERAL NOTE
General note includes appendix.
504 ## - BIBLIOGRAPHY, ETC. NOTE
Bibliography, etc Bibliography : p. 723-734.
650 #0 - SUBJECT ADDED ENTRY--TOPICAL TERM
Topical term or geographic name as entry element Data encryption (Computer science)
9 (RLIN) 2635
650 #0 - SUBJECT ADDED ENTRY--TOPICAL TERM
Topical term or geographic name as entry element Computer networks
General subdivision Security measures
9 (RLIN) 2634
653 ## - INDEX TERM--UNCONTROLLED
Resource For college
Arrived date list January2014
655 ## - INDEX TERM--GENRE/FORM
Form subdivision
-- 34232
942 ## - ADDED ENTRY ELEMENTS (KOHA)
Source of classification or shelving scheme Dewey Decimal Classification
Call number prefix 005.82 STA
Holdings
Withdrawn status Item status Source of classification or shelving scheme Damaged status Not for loan Vendor Home library Current library Shelving location Date acquired Source of acquisition Total Checkouts Total Renewals Full call number Barcode Date last seen Date last borrowed Koha item type
    Dewey Decimal Classification     Baccah Central Library Central Library Lower Floor 29/01/2014   1 7 005.82 STA 000035533 15/07/2025 23/03/2015 Book - Borrowing